Dilemas éticos.

Na minha lista:
Detalhes bibliográficos
Autor principal: Platts, Mark
Formato: Livro
Idioma:espanhol
Publicado em: Ciudad de México, México UNAM 1997
Colecção:Colección Problemas de Etica Práctica. Sección de Obras de Filosofía
Assuntos:
Tags: Adicionar Tag
Sem tags, seja o primeiro a adicionar uma tag!

MARC

LEADER 00000nam a2200000 a 4500
001 UCO5304
003 CL-VaPUC
005 20250224102309.0
008 000901e19970000MX |||||||||||||||||spa|d
999 |c 291205  |d 291203 
040 |c Pontificia Universidad Católica de Valparaíso 
082 0 4 |a 170 PLA 1997  |2 21 
100 0 |a Platts, Mark  |9 450084 
245 1 0 |a Dilemas éticos. 
260 0 3 |a Ciudad de México, México  |b UNAM  |c 1997 
300 |a 195 páginas. 
490 0 |a Colección Problemas de Etica Práctica. Sección de Obras de Filosofía 
583 |a last modification  |c 20000901 00:00:00  |k Rodrigo Vera 
650 0 |a Ética  |9 255099 
650 0 |a Valores sociales  |9 309627 
650 0 |a Aborto  |9 256680 
650 0 |a Eutanasia  |9 255102 
650 0 |a SIDA (Síndrome de Inmunodeficiencia Adquirida)  |9 256118 
650 0 |a Analfabetismo  |9 324360 
942 |c BK  |2 ddc 
945 |d 20000901 00:00:00  |a rbrito 
952 |0 0  |1 0  |2 ddc  |4 0  |6 170_000000000000000_PLA_1997  |7 0  |8 A  |9 340980  |a BIBEDU  |b BIBEDU  |d 2019-11-20  |i 362532K  |o 170 PLA 1997  |p 362532K  |r 2019-11-20  |t 1  |w 2019-11-20  |y BK  |k EDU